00888 2200313 4500001002100000005001500021035002000036007000300056008004100059020002200100082001200122084001400134100002400148245005000172250003500222300003900257650001800296700002400314504003000338264003200368336002100400337003000421338002300451040002200474090002200496850001200518999002200530990002200552INLIS00000000089758020250702010231 a0010-0725000158ta250702s2025 yoia g ind d a978-634-01-0294-904223a003 a003 RUS p0 aRuspendiePengarang10aPengantar riset operasi /cRuspendi, Rusmalah aCetakan Pertama, Februari 2025 axii, 101 halaman :btabel ;c23 cm 4aRiset operasi0 aRusmalahePengarang aBibliografi : halaman 10131aSleman :bDeepublish,c2025 2rdacontentateks 2rdamediaatanpa perantara 2rdacarrieravolume aYOPDYOGbinderda aCB-D.11 2025-1713 aYOPDYOG aCB-D.11/2025-1713 aCB-D.11/2025-1713